000 00305nam a22001217a 4500
008 230703b xxu||||| |||| 00| 0 eng d
082 _a342
_bI618 2001
245 _aConstitutional and Parliamentary Union
260 _bInter-Parliamentary Union
_c2001
300 _a283p
440 _n182
942 _2ddc
_cBK
999 _c3538
_d3538